London Tube lines at King's Cross St. Pancras - Statistics

General Stats
  • This quiz has been taken 55 times
    34 since last reset
  • The average score is 6 of 6
Answer Stats
Answer % Correct
Circle Line
97%
Victoria Line
97%
Hammersmith & City Line
93%
Northern Line
93%
Piccadilly Line
93%
Metropolitan Line
86%
No matching quizzes found
Score Distribution
Percent of People with Each Score
Percentile by Number Answered
Your Score History
You have not taken this quiz since the last reset